The Joys of Motherhood/ (Record no. 32018)
[ view plain ]
| 000 -LEADER | |
|---|---|
| fixed length control field | 00412nam a22001337a 4500 |
| 008 - FIXED-LENGTH DATA ELEMENTS--GENERAL INFORMATION | |
| fixed length control field | 240520b |||||||| |||| 00| 0 eng d |
| 050 ## - LIBRARY OF CONGRESS CALL NUMBER | |
| Classification number | PR 9387.9 E4J6 1979 |
| 100 ## - MAIN ENTRY--PERSONAL NAME | |
| Personal name | Buchi, Emecheta |
| 245 ## - TITLE STATEMENT | |
| Title | The Joys of Motherhood/ |
| Statement of responsibility, etc. | Emecheta, Buchi |
| 260 ## - PUBLICATION, DISTRIBUTION, ETC. (IMPRINT) | |
| Place of publication, distribution, etc. | U.K: |
| Name of publisher, distributor, etc. | Penguin, |
| Date of publication, distribution, etc. | 1979. |
| 300 ## - PHYSICAL DESCRIPTION | |
| Extent | 264p. : |
| Dimensions | 20cm |
| 650 ## - SUBJECT ADDED ENTRY--TOPICAL TERM | |
| Topical term or geographic name as entry element | Motherhood. |
| General subdivision | English. |
| 942 ## - ADDED ENTRY ELEMENTS (KOHA) | |
| Source of classification or shelving scheme | |
| Koha item type | Africana (Books) |
| Classification part | PR 9387.9 E4J6 1979 |
| Withdrawn status | Lost status | Source of classification or shelving scheme | Damaged status | Not for loan | Home library | Current library | Shelving location | Date acquired | Source of acquisition | Total Checkouts | Full call number | Barcode | Date last seen | Price effective from | Koha item type |
|---|---|---|---|---|---|---|---|---|---|---|---|---|---|---|---|
| MACHAKOS UNIVERSITY LIBRARY | MACHAKOS UNIVERSITY LIBRARY | Africana | 02/05/2024 | Coprate Campus | PR 9387.9 E4J6 1979 | 39851 | 02/05/2024 | 20/05/2024 | Africana (Books) | ||||||
| MACHAKOS UNIVERSITY LIBRARY | MACHAKOS UNIVERSITY LIBRARY | Africana | 02/05/2024 | Coprate Campus | PR 9387.9 E4J6 1979 | 39852 | 02/05/2024 | 20/05/2024 | Africana (Books) |